| Поле | Инд. | ПП | Название | Значение |
|---|---|---|---|---|
| Тип записи | a | |||
| Библиографический уровень | b | |||
| 001 | Контрольный номер | RU/IS/BASE/102782652 | ||
| 005 | Дата корректировки | 20200522190755.8 | ||
| 084 | a | Индекс другой классификации/Индекс ББК | 60.561.38; 68.1(2Рос); 65.305.04(2Рос); 66.3(2Рос),4 | |
| 100 | 1_ | a | Автор | Барабанов В. А. |
| 245 | a | Заглавие | Конверсия российского ВПК: исторический опыт и проблемы | |
| 504 | a | Библиография | Библиогр. ссылки | |
| 650 | a | Основная рубрика | внутренняя политика | |
| a | Основная рубрика | военная политика | ||
| a | Основная рубрика | военное дело | ||
| a | Основная рубрика | политика | ||
| a | Основная рубрика | социология | ||
| a | Основная рубрика | социология армии | ||
| a | Основная рубрика | экономика | ||
| a | Основная рубрика | экономика промышленности | ||
| 653 | a | Ключевые слова | XX век | |
| a | Ключевые слова | армия | ||
| a | Ключевые слова | военная промышленность | ||
| a | Ключевые слова | военно-промышленный комплекс (ВПК) | ||
| a | Ключевые слова | государственная поддержка | ||
| a | Ключевые слова | конверсия | ||
| a | Ключевые слова | международные отношения | ||
| a | Ключевые слова | научно-технический потенциал | ||
| a | Ключевые слова | оборонная промышленность | ||
| a | Ключевые слова | оборонно-промышленный комплекс (ОПК) | ||
| a | Ключевые слова | оборонные предприятия | ||
| a | Ключевые слова | правовое регулирование | ||
| a | Ключевые слова | Россия | ||
| a | Ключевые слова | социальные проблемы | ||
| a | Ключевые слова | целевые программы | ||
| 773 | t | Заглавие источника | Социально-гуманитарные знания | |
| d | Дата издания источника | 2003 | ||
| g | Прочая информация | № 1. - С. 196 - 210 | ||
| w | Контрольный № источника | RU/IS/BASE/101491030 | ||
| 901 | t | Тип документа | b |